Представление документа в формате MARC21

Поле Инд. ПП Название Значение
Тип записи a
Библиографический уровень m
001 Контрольный номер eed3991f1a4d445aa23ff1da471a2dad
005 Дата корректировки 20260703143909.9
040 a Служба первич. каталог. 10013504
b Код языка каталог. rus
e Правила каталог. PSBO
041 0_ a Код языка текста rus
090 a Полочн. индекс 536
x Авторский знак В 748
r Идентификатор организации 10013504
245 10 a Заглавие Вопросы физики кипения
b Продолж. заглавия [сборник]
c Ответственность под ред. И.Т. Аладьева
260 a Место издания Москва
b Издательство Мир
c Дата издания 1964
300 a Объем 443 с.
b Иллюстрации/ тип воспроизводства ил.
504 a Библиография Библиогр. в конце ст.
650 04 a Основная рубрика Теплотехника
653 0_ a Ключевые слова ФИЗИКА КИПЕНИЯ ЖИДКОСТЕЙ; КИПЕНИЕ
700 12 a Другие авторы Аладьев И.Т.
e Роль лиц Редактор
901 t Тип документа m
952 a Тип литературы для КСУ ВШ КНР
c Вид литературы монография